Salvation prison : (Record no. 129785)

MARC details
000 -LEADER
fixed length control field 00621nam a22002177a 4500
005 - DATE AND TIME OF LATEST TRANSACTION
control field 20170124110102.0
010 ## - LIBRARY OF CONGRESS CONTROL NUMBER
LC control number A-592394
020 ## - INTERNATIONAL STANDARD BOOK NUMBER
Terms of availability 00.00
International Standard Book Number 8120711394
035 ## - SYSTEM CONTROL NUMBER
System control number A-592394
037 ## - SOURCE OF ACQUISITION
Source of stock number/acquisition Cen Lib/Ret
040 ## - CATALOGING SOURCE
Original cataloging agency DPL
Language of cataloging EN
082 ## - DEWEY DECIMAL CLASSIFICATION NUMBER
Classification number N
Item number BHA
100 ## - MAIN ENTRY--PERSONAL NAME
Personal name Bharany, Chhote
9 (RLIN) 87504
245 ## - TITLE STATEMENT
Title Salvation prison :
Statement of responsibility, etc by Chhote Bharany
Remainder of title a novel /
260 ## - PUBLICATION, DISTRIBUTION, ETC. (IMPRINT)
Place of publication, distribution, etc New Delhi
Name of publisher, distributor, etc Sterling Publishers
Date of publication, distribution, etc 1992
270 ## - ADDRESS
City New Delhi
Address L-10, Green park extention
Postal code 110016
300 ## - PHYSICAL DESCRIPTION
Extent 99p.:
Dimensions 20m(Hb)
Other physical details ill.
650 ## - SUBJECT ADDED ENTRY--TOPICAL TERM
Topical term or geographic name as entry element Literature-Fiction
9 (RLIN) 87505
650 ## - SUBJECT ADDED ENTRY--TOPICAL TERM
Topical term or geographic name as entry element English novel
9 (RLIN) 14422
942 ## - ADDED ENTRY ELEMENTS (KOHA)
Source of classification or shelving scheme Dewey Decimal Classification
Koha item type English Books
Classification part N
Call number suffix BHA
Holdings
Withdrawn status Lost status Damaged status Not for loan Home library Current library Date acquired Source of acquisition Cost, normal purchase price Total Checkouts Full call number Barcode Date last seen Copy number Cost, replacement price Price effective from Koha item type Public note
Written off       Central Library Central Library 07/07/2015 Cen Lib/Ret 0.00   N BHA A-592394 07/07/2015 1 0.00 07/07/2015 English Books W/d List No. 6862/16 ; dtd 06/08/2020

© Delhi Public Library
Hit Counter
free hit counter